| 000 | 00902cam a22002771 4500 | ||
|---|---|---|---|
| 001 | 29627 | ||
| 003 | BD-RjUL | ||
| 005 | 20211209051433.0 | ||
| 008 | 140406s1967 enka j 000 0 eng | ||
| 035 | _a(BD-RjUL)29712 | ||
| 040 |
_aDLC _cDLC _dDLC _beng |
||
| 041 | _aeng | ||
| 082 | 0 | 0 |
_a942.05 _bHOS 1967 |
| 100 | 1 |
_aHodges, C. Walter _q(Cyril Walter), _d1909- _990267 |
|
| 245 | 1 | 4 |
_aThe Spanish Armada / _cwritten and illustrated by C. Walter Hodges. |
| 260 |
_aLondon : _bOxford U.P., _c1967. |
||
| 300 |
_a32 p. : _bill. ; _c25 cm. |
||
| 350 | _a15/- | ||
| 490 | 0 | _aThe Story of Britain | |
| 650 | 0 |
_aArmada, 1588 _xJuvenile literature. _990268 |
|
| 651 | 0 |
_aGreat Britain _xHistory, Naval _yTudors, 1485-1603 _xJuvenile literature. _990269 |
|
| 651 | 0 |
_aSpain _xHistory, Naval _y16th century _xJuvenile literature. _990270 |
|
| 942 |
_2ddc _cBK |
||
| 999 |
_c29627 _d29627 |
||